[Event "ASKO Klubbmesterskap 2008 B"]
[Site "Oslo"]
[Date "2008.04.15"]
[Round "6"]
[White "Syversrud, Jørn Christian"]
[Black "Delphin, Nils Håkon"]
[Result "1/2-1/2"]
[WhiteElo "1235"]
[BlackElo "1258"]
[PlyCount "71"]
[EventDate "2008.??.??"]

1. Nf3 c5 2. c4 Nf6 3. Nc3 d5 4. cxd5 Nxd5 5. g3 e6 6. Bg2 Bd7 7. O-O Bc6 8. d4
Na6 9. Ne5 Qb6 10. Nxc6 bxc6 11. Na4 Qb4 12. Nxc5 Bxc5 13. dxc5 Nxc5 14. Be3
Nd7 15. Qd4 Qxd4 16. Bxd4 O-O 17. Rac1 Rfc8 18. Bc5 Nxc5 19. Rxc5 Rab8 20. b3
Ne7 21. Rfc1 Rb6 22. R1c4 Kf8 23. Ra4 Ra8 24. e3 Ke8 25. Rca5 Rb7 26. Rd4 Rd8
27. Raa4 Rxd4 28. Rxd4 Rd7 29. Ra4 Rd1+ 30. Bf1 Nc8 31. Kg2 Rd7 32. Rc4 Ne7 33.
e4 g5 34. Rc2 Rd4 35. Kf3 e5 36. Rc5 1/2-1/2

[Event "ASKO Klubbmesterskap 2008 B"]
[Site "Oslo"]
[Date "2008.04.15"]
[Round "6"]
[White "Olaussen, Atle Gjøran"]
[Black "Paulshus, Anders"]
[Result "1-0"]
[WhiteElo "1308"]
[BlackElo "1224"]
[PlyCount "115"]
[EventDate "2008.??.??"]

1. d4 d5 2. c4 e5 3. dxe5 d4 4. e4 f6 5. a3 Nc6 6. exf6 Nxf6 7. Bd3 Be6 8. h3
Ne5 9. Nf3 Nxc4 10. e5 Nd7 11. Bxc4 Bxc4 12. Qxd4 b5 13. Nbd2 Bc5 14. Qg4 Qe7
15. Nxc4 bxc4 16. O-O Nxe5 17. Qh5+ g6 18. Qxe5 O-O-O 19. Bf4 Qxe5 20. Bxe5
Rhe8 21. Rac1 Bd6 22. Bxd6 Rxd6 23. Rxc4 Re2 24. Rfc1 Rxb2 25. Rxc7+ Kd8 26.
Rxa7 Rd7 27. Ra8+ Ke7 28. Re1+ Kf6 29. Ra6+ Kg7 30. a4 Ra2 31. g4 Rf7 32. Kg2
Ra3 33. Re3 Ra2 34. g5 h6 35. h4 Rf4 36. Kg3 Raxa4 37. Rxa4 Rxa4 38. Re7+ Kf8
39. Rd7 h5 40. Rd6 Rg4+ 41. Kh3 Rf4 42. Ne5 Rxf2 43. Rxg6 Re2 44. Rf6+ Kg7 45.
Nf3 Re4 46. Rh6 Rf4 47. Kg3 Rf8 48. Rxh5 Kg6 49. Kg4 Kg7 50. Rh6 Re8 51. Rf6
Rh8 52. h5 Re8 53. h6+ Kh8 54. Kh5 Rd8 55. Ne5 Re8 56. Nd7 Re7 57. Rf8+ Kh7 58.
Nf6# 1-0

[Event "ASKO Klubbmesterskap 2008 A"]
[Site "Oslo"]
[Date "2008.04.29"]
[Round "7"]
[White "Olsen, Andrei"]
[Black "Briseid, Håkon"]
[Result "1-0"]
[WhiteElo "1569"]
[BlackElo "1756"]
[PlyCount "111"]
[EventDate "2008.??.??"]

1. e4 e5 2. Nf3 Nc6 3. Nc3 Nf6 4. g3 Be7 5. Bg2 d6 6. O-O Bg4 7. h3 Bh5 8. g4
Bg6 9. d3 Qd7 10. b4 Nxb4 11. Rb1 a5 12. a3 Na6 13. Ne2 Rb8 14. Nh2 O-O 15. f4
exf4 16. Nxf4 Ne8 17. Nf3 Nc5 18. Nd4 Bf6 19. Nf5 Bxf5 20. exf5 c6 21. d4 Na4
22. Rb3 Nc7 23. Nh5 Qd8 24. c4 c5 25. g5 Bxd4+ 26. Kh1 b5 27. Rg3 Nb2 28. Qg4
Nxc4 29. Nxg7 Bxg7 30. f6 Ne5 31. Qh5 d5 32. fxg7 Re8 33. Rg4 Rb6 34. Rh4 Kxg7
35. Qxh7+ Kf8 36. Qh8+ Ke7 37. Qxe5+ Re6 38. Qf5 Kd6 39. Rh7 Re1 40. Bf4+ Kc6
41. Rxf7 Rxf1+ 42. Bxf1 Re7 43. g6 Ne6 44. Bg3 Nd4 45. Qf6+ Kd7 46. Qd6+ Ke8
47. Rxe7+ Qxe7 48. Qb8+ Kd7 49. g7 Qe4+ 50. Bg2 Nf3 51. Qc7+ Ke6 52. Qd6+ Kf7
53. Qf8+ Ke6 54. g8=Q+ Kd7 55. Qc8+ Ke7 56. Qge8+ 1-0

[Event "ASKO Klubbmesterskap 2008 A"]
[Site "Oslo"]
[Date "2008.04.29"]
[Round "7"]
[White "Hole, Øystein"]
[Black "Einarsen, Kenneth"]
[Result "1-0"]
[WhiteElo "2377"]
[BlackElo "1757"]
[PlyCount "63"]
[EventDate "2008.??.??"]

1. Nf3 Nf6 2. c4 c6 3. Nc3 d5 4. d4 e6 5. Bg5 Be7 6. e3 O-O 7. Rc1 Nbd7 8. Bd3
dxc4 9. Bxc4 b5 10. Bd3 a6 11. e4 c5 12. e5 Nd5 13. Bxe7 Qxe7 14. dxc5 Nxc5 15.
Nxd5 Nxd3+ 16. Qxd3 exd5 17. Qxd5 Qb4+ 18. Qd2 Qe4+ 19. Qe2 Qb4+ 20. Rc3 Be6
21. Qc2 Bxa2 22. O-O Bd5 23. Ng5 g6 24. Qd2 Rfd8 25. Nxh7 Kg7 26. Qg5 Rh8 27.
Qf6+ Kg8 28. Ng5 Qd4 29. Rfc1 Qg4 30. Rg3 Qd4 31. Qd6 Re8 32. Nxf7 1-0

[Event "ASKO Klubbmesterskap 2008 A"]
[Site "Oslo"]
[Date "2008.04.29"]
[Round "7"]
[White "Søreng, Eirik"]
[Black "Fredriksen, Jan Gunnar"]
[Result "0-1"]
[WhiteElo "1644"]
[BlackElo "1787"]
[PlyCount "70"]
[EventDate "2008.??.??"]

1. Nf3 c5 2. g3 d5 3. Bg2 e6 4. O-O Nc6 5. d3 Nf6 6. Nbd2 e5 7. Re1 Be7 8. e4
d4 9. Nc4 Qc7 10. a4 O-O 11. h3 h6 12. Bd2 Be6 13. Na3 Qd7 14. Kh2 Nh7 15. Qc1
Bd6 16. Nh4 Be7 17. Nf3 Rab8 18. Ng1 f5 19. f4 fxe4 20. dxe4 a6 21. f5 Bf7 22.
Bf1 Bg5 23. h4 Bxd2 24. Qxd2 Nf6 25. Nf3 Nxe4 26. Rxe4 Qxf5 27. Bd3 Qxf3 28.
Rf1 Qh5 29. Nc4 Bd5 30. Ree1 e4 31. Be2 Qg6 32. Ne3 Be6 33. Ng2 e3 34. Qd3 Qxd3
35. Bxd3 g5 0-1

[Event "ASKO Klubbmesterskap 2008 A"]
[Site "Oslo"]
[Date "2008.04.29"]
[Round "7"]
[White "Ali, Karim"]
[Black "Øhman, Kjell Tage"]
[Result "0-1"]
[WhiteElo "1541"]
[BlackElo "1578"]
[PlyCount "91"]
[EventDate "2008.??.??"]

1. e4 c5 2. c3 d5 3. exd5 Qxd5 4. d4 Nc6 5. Nf3 Bg4 6. Be2 cxd4 7. cxd4 e6 8.
Nc3 Qd8 9. d5 exd5 10. Nxd5 Be6 11. Nf4 Qxd1+ 12. Bxd1 Bb4+ 13. Bd2 Bc4 14. a3
Bxd2+ 15. Nxd2 Bb5 16. a4 Ba6 17. Nd5 O-O-O 18. Ne3 Nh6 19. Ndc4 Rhe8 20. Rc1
Kb8 21. O-O f5 22. g3 g5 23. f4 gxf4 24. gxf4 Nd4 25. b4 b6 26. b5 Bb7 27. Ne5
Rg8+ 28. Kf2 Ng4+ 29. N3xg4 fxg4 30. Rg1 h5 31. Be2 Rgf8 32. Ng6 Nxe2 33. Kxe2
Rf6 34. Ne5 Rxf4 35. Rc4 Rxc4 36. Nxc4 Rd4 37. Rc1 Bd5 38. Nb2 Bf3+ 39. Ke3
Re4+ 40. Kd3 Re2 41. Rc2 Rxc2 42. Kxc2 h4 43. Nd3 Be4 44. Kd2 Bxd3 45. Kxd3 g3
46. hxg3 0-1

[Event "ASKO Klubbmesterskap 2008 B"]
[Site "Oslo"]
[Date "2008.12.04"]
[Round "7"]
[White "Hjelle, Øyvind"]
[Black "Delphin, Nils Håkon"]
[Result "1-0"]
[WhiteElo "1353"]
[BlackElo "1258"]
[PlyCount "53"]
[EventDate "2008.??.??"]

1. e4 e5 2. Nf3 Nc6 3. Bb5 d6 4. c3 a6 5. Ba4 b5 6. Bb3 Na5 7. Bc2 g6 8. h3 Ne7
9. d4 exd4 10. cxd4 Bg7 11. O-O O-O 12. Re1 Bb7 13. Nbd2 Nac6 14. Nf1 h6 15.
Ng3 Nc8 16. Be3 Re8 17. Qd2 Nb6 18. Bxh6 Nc4 19. Qc1 Nxd4 20. Bxg7 Nxf3+ 21.
gxf3 Kxg7 22. b3 Qh4 23. bxc4 Qxh3 24. Qg5 Rh8 25. Qg4 Qh2+ 26. Kf1 Rh4 27.
Nf5+ 1-0

[Event "ASKO Klubbmesterskap 2008 B"]
[Site "Oslo"]
[Date "2008.12.04"]
[Round "7"]
[White "Jensen, Terje"]
[Black "Olaussen, Atle Gjøran"]
[Result "1-0"]
[WhiteElo "1355"]
[BlackElo "1308"]
[PlyCount "121"]
[EventDate "2008.??.??"]

1. c4 e5 2. Nc3 Nf6 3. Nf3 Nc6 4. g3 d5 5. cxd5 Nxd5 6. d3 Bb4 7. Bd2 O-O 8.
Bg2 Be6 9. O-O h6 10. a3 Nxc3 11. Bxc3 Bxc3 12. bxc3 f5 13. Rb1 Rb8 14. Qa4 a6
15. Rb2 Qd6 16. Rfb1 Bd7 17. Qc4+ Be6 18. Qa4 b5 19. Qc2 Ne7 20. a4 c6 21. axb5
cxb5 22. Nd2 Rfc8 23. Rb4 Nd5 24. Bxd5 Bxd5 25. c4 Rc6 26. Qb2 Rbc8 27. cxd5
Rc2 28. Nc4 Rxb2 29. Nxd6 Rxb4 30. Rxb4 Rc1+ 31. Kg2 g6 32. Nb7 Kf8 33. Rb3 Rc7
34. Na5 e4 35. dxe4 fxe4 36. Re3 Re7 37. f3 exf3+ 38. Kxf3 Rd7 39. Rd3 Rf7+ 40.
Kg2 Re7 41. e3 Ke8 42. Kf3 Kd7 43. e4 Kd6 44. Nc6 Rf7+ 45. Ke2 Kc5 46. e5 Rf8
47. e6 Re8 48. e7 b4 49. Rf3 Kd6 50. Rf8 Kd7 51. Rxe8 Kxe8 52. d6 b3 53. Kd2 a5
54. Nxa5 b2 55. Kc2 b1=Q+ 56. Kxb1 g5 57. Nc6 h5 58. Nb8 h4 59. gxh4 gxh4 60.
Na6 h3 61. Nc7+ 1-0

[Event "ASKO Klubbmesterskap 2008 B"]
[Site "Oslo"]
[Date "2008.12.04"]
[Round "7"]
[White "Chikwati, Elvis"]
[Black "Skjøtskift, Geir"]
[Result "1-0"]
[WhiteElo "1183"]
[BlackElo "1042"]
[PlyCount "115"]
[EventDate "2008.??.??"]

1. Nf3 Nf6 2. c4 d5 3. e3 c5 4. b3 d4 5. exd4 cxd4 6. Bb2 Nc6 7. Qe2 Bg4 8. h3
Bh5 9. d3 e5 10. a3 Bd6 11. Nbd2 O-O 12. Qd1 Re8 13. Ne4 Nxe4 14. dxe4 f5 15.
Bd3 Qf6 16. b4 Qg6 17. Nh4 Qg5 18. Qb3 Qxh4 19. g3 Qf6 20. g4 Bf7 21. gxf5 b5
22. h4 bxc4 23. Bxc4 Bxc4 24. Qxc4+ Kh8 25. Bc1 Rac8 26. Bg5 Qf8 27. Qe2 Bxb4+
28. axb4 Nxb4 29. Rxa7 d3 30. Qh5 Nc2+ 31. Kf1 Qb4 32. f6 Qe1+ 33. Kg2 Qxe4+
34. Kh2 Qf5 35. Kg3 Nd4 36. fxg7+ Kg8 37. Qg4 Ne2+ 38. Kh3 Qxf2 39. Re7 Nf4+
40. Bxf4 Rxe7 41. Qxc8+ Kxg7 42. Qg4+ Kf7 43. Bh6 e4 44. Rc1 Qf3+ 45. Qxf3+
exf3 46. Kg3 Ke6 47. Kxf3 Kd5 48. Bg5 Re4 49. Rc5+ Kxc5 50. Kxe4 Kc4 51. Ke5
Kc3 52. h5 d2 53. Bxd2+ Kxd2 54. h6 Ke3 55. Kf6 Kf4 56. Kg7 Kg5 57. Kxh7 Kh5
58. Kg7 1-0

[Event "ASKO Klubbmesterskap 2008 B"]
[Site "Oslo"]
[Date "2008.12.04"]
[Round "4"]
[White "Chikwati, Elvis"]
[Black "Paulshus, Anders"]
[Result "1-0"]
[WhiteElo "1183"]
[BlackElo "1211"]
[PlyCount "127"]
[EventDate "2008.??.??"]

1. Nf3 Nf6 2. g3 g6 3. c4 Bg7 4. Bg2 c6 5. Nc3 d5 6. cxd5 cxd5 7. O-O O-O 8. d3
a6 9. Bg5 Bg4 10. Ne5 d4 11. Bxf6 exf6 12. Nxg4 dxc3 13. bxc3 f5 14. Ne3 Bxc3
15. Rb1 Ra7 16. Bxb7 Bd4 17. Qd2 Nd7 18. Rfc1 Qg5 19. Nc4 Qe7 20. e3 Nc5 21.
Bg2 Bf6 22. Na5 Rd7 23. d4 Ne4 24. Qe2 Rd6 25. Rc6 Re8 26. Bxe4 Qxe4 27. Rxd6
Qxb1+ 28. Kg2 Re6 29. Rxe6 fxe6 30. Qxa6 Qe4+ 31. Kg1 Qb1+ 32. Qf1 Qxa2 33. Nc4
Qa6 34. Nd2 Qxf1+ 35. Kxf1 e5 36. Nb3 exd4 37. exd4 Kf7 38. Ke2 Ke6 39. Kd3 Kd5
40. f3 h5 41. h3 g5 42. g4 hxg4 43. hxg4 f4 44. Nd2 Be7 45. Ne4 Bd8 46. Nc3+
Kd6 47. Ke4 Ke6 48. Nb5 Bb6 49. d5+ Kf6 50. Nd4 Bc5 51. Nc6 Be3 52. Nb8 Bd2 53.
Kd4 Be3+ 54. Ke4 Ba7 55. Nd7+ Kg6 56. Ne5+ Kf6 57. Nc6 Bc5 58. Nb8 Be7 59. Nd7+
Kf7 60. Ke5 Bd8 61. Nc5 Bf6+ 62. Kf5 Be7 63. Ne6 Bf6 64. Nxg5+ 1-0

[Event "ASKO Klubbmesterskap 2008 A"]
[Site "Oslo"]
[Date "2008.06.03"]
[Round "9"]
[White "Olsen, Andrei"]
[Black "Skrondal, Inge Sandstad"]
[Result "0-1"]
[WhiteElo "1609"]
[BlackElo "2162"]
[PlyCount "52"]
[EventDate "2008.??.??"]

1. e4 c5 2. Nf3 g6 3. d4 cxd4 4. Qxd4 Nf6 5. Bb5 a6 6. e5 axb5 7. exf6 e6 8.
O-O Nc6 9. Qd1 b4 10. Nbd2 d5 11. Nb3 Qxf6 12. Re1 Be7 13. h3 O-O 14. Nh2 Rd8
15. Ng4 Qg7 16. Qf3 f5 17. Nh6+ Kh8 18. Qg3 Rf8 19. h4 e5 20. h5 f4 21. Qd3
Qxh6 22. hxg6 Qxg6 23. Qxd5 Be6 24. Qe4 Bf5 25. Qc4 Rg8 26. Qf1 Bh3 0-1

[Event "ASKO Klubbmesterskap 2008 A"]
[Site "Oslo"]
[Date "2008.06.03"]
[Round "9"]
[White "Hole, Øystein"]
[Black "Briseid, Håkon"]
[Result "1-0"]
[WhiteElo "2377"]
[BlackElo "1780"]
[PlyCount "97"]
[EventDate "2008.??.??"]

1. Nf3 Nf6 2. c4 e6 3. Nc3 c5 4. g3 b6 5. Bg2 Bb7 6. O-O Be7 7. Re1 d6 8. e4 a6
9. d4 cxd4 10. Nxd4 Qc7 11. Be3 Nbd7 12. Rc1 O-O 13. f4 Rfe8 14. b3 Bf8 15. Bf2
g6 16. h3 Rad8 17. a4 Qb8 18. Qd2 Qa8 19. b4 e5 20. Nb3 exf4 21. Qxf4 Bg7 22.
Nd5 Bxd5 23. cxd5 Ne5 24. Qd2 Rc8 25. Nd4 Nfd7 26. Nc6 b5 27. axb5 axb5 28. Qe2
Nc4 29. Rc2 Rc7 30. Ra2 Qc8 31. Nd4 Rb7 32. Rc1 Nde5 33. Ra6 Qd7 34. Rca1 h5
35. Kh2 Rc8 36. Bg1 Kh7 37. Ra8 Rxa8 38. Rxa8 Nb6 39. Ra6 Nbc4 40. Qa2 Bh6 41.
Qb3 Nd2 42. Qc3 Ndc4 43. Nc6 Bg7 44. Bd4 Qc8 45. Bf1 Qe8 46. Bxc4 bxc4 47. Na5
Nf3+ 48. Qxf3 Bxd4 49. Nxb7 1-0

[Event "ASKO Klubbmesterskap 2008 A"]
[Site "Oslo"]
[Date "2008.06.03"]
[Round "9"]
[White "Einarsen, Kenneth"]
[Black "Fredriksen, Jan Gunnar"]
[Result "0-1"]
[WhiteElo "1757"]
[BlackElo "1767"]
[PlyCount "58"]
[EventDate "2008.??.??"]

1. e4 e5 2. d4 exd4 3. c3 dxc3 4. Bc4 cxb2 5. Bxb2 Qe7 6. Nc3 c6 7. Qc2 Nf6 8.
O-O-O b5 9. Bxb5 cxb5 10. e5 Bb7 11. exf6 Qxf6 12. Re1+ Kd8 13. Nf3 Bxf3 14.
gxf3 Qxf3 15. Rhg1 Qc6 16. Qe2 b4 17. Kb1 bxc3 18. Qe8+ Kc7 19. Rc1 Na6 20.
Qe5+ Bd6 21. Qa5+ Kb7 22. Rxc3 Nc5 23. Rg4 Rab8 24. Rgc4 Ka8 25. Ra3 Rb7 26.
Kc2 Re8 27. Bd4 Qe4+ 28. Kc3 Qe1+ 29. Kc2 Re2+ 0-1

[Event "ASKO Klubbmesterskap 2008 A"]
[Site "Oslo"]
[Date "2008.06.03"]
[Round "9"]
[White "Søreng, Eirik"]
[Black "Øhman, Kjell Tage"]
[Result "0-1"]
[WhiteElo "1653"]
[BlackElo "1599"]
[PlyCount "60"]
[EventDate "2008.??.??"]

1. e4 d6 2. d4 Nf6 3. Nc3 g6 4. Be2 Bg7 5. g4 c6 6. g5 Nfd7 7. Be3 b5 8. Qd2
Bb7 9. f4 a6 10. Nf3 b4 11. Nd1 c5 12. Nf2 Qc7 13. O-O Nc6 14. d5 Na7 15. c3
bxc3 16. bxc3 Nb5 17. Bxb5 axb5 18. Qb2 b4 19. Bd2 Ra3 20. Ng4 Qa5 21. e5 Qb6
22. c4 Ba6 23. Rab1 Qa5 24. Nf6+ exf6 25. gxf6 Bxf6 26. exf6 O-O 27. f5 Bxc4
28. Bxb4 cxb4 29. Qc1 Bxf1 30. Qh6 Nxf6 0-1

[Event "ASKO Klubbmesterskap 2008 B"]
[Site "Oslo"]
[Date "2008.06.03"]
[Round "9"]
[White "Syversrud, Jørn Christian"]
[Black "Jensen, Terje"]
[Result "1/2-1/2"]
[WhiteElo "1241"]
[BlackElo "1355"]
[PlyCount "78"]
[EventDate "2008.??.??"]

1. e4 c5 2. Nf3 d6 3. Bb5+ Nc6 4. h3 Nf6 5. Nc3 a6 6. Bxc6+ bxc6 7. d3 e5 8.
O-O Be7 9. Nh2 Qb6 10. Kh1 Be6 11. Qe2 d5 12. exd5 cxd5 13. Qxe5 Bd6 14. Qe2
O-O 15. b3 Rae8 16. Qd1 Qd8 17. Nf3 Qc8 18. Ng1 Bd7 19. Nce2 h6 20. Bf4 Bxf4
21. Nxf4 Re5 22. Re1 Rf5 23. Qd2 g5 24. Nh5 Nxh5 25. g4 Rf4 26. gxh5 Bxh3 27.
Re3 Rh4 28. Nxh3 Rxh3+ 29. Rxh3 Qxh3+ 30. Kg1 Qg4+ 31. Kh2 Qxh5+ 32. Kg2 Qg4+
33. Kh2 Re8 34. Re1 Rxe1 35. Qxe1 h5 36. Qe8+ Kg7 37. Qe5+ Kg8 38. Qe8+ Kg7 39.
Qe5+ Kg8 1/2-1/2